Will Rogers : (Record no. 416)

MARC details
000 -LEADER
fixed length control field 00676pam a2200217 4500
005 - DATE AND TIME OF LATEST TRANSACTION
control field 20260322212019.0
008 - FIXED-LENGTH DATA ELEMENTS--GENERAL INFORMATION
fixed length control field data
010 ## - LIBRARY OF CONGRESS CONTROL NUMBER
LC control number 73008713
020 ## - INTERNATIONAL STANDARD BOOK NUMBER
International Standard Book Number 0070344124 (deluxe)
-- 0070344124 (deluxe)
020 ## - INTERNATIONAL STANDARD BOOK NUMBER
International Standard Book Number 0070344124 (deluxe)
-- 0070344124 (deluxe)
040 ## - CATALOGING SOURCE
Original cataloging agency DLC
Transcribing agency DLC
Modifying agency DLC
050 00 - LIBRARY OF CONGRESS CALL NUMBER
Classification number PN2287.R74
Item number K45
082 00 - DEWEY DECIMAL CLASSIFICATION NUMBER
Classification number B
-- B
001 - CONTROL NUMBER
control field data
100 1# - MAIN ENTRY--PERSONAL NAME
Personal name Ketchum, Richard M.,
Dates associated with a name 1922-
245 10 - TITLE STATEMENT
Title Will Rogers :
Remainder of title his life and times /
Statement of responsibility, etc. Richard M. Ketchum.
260 ## - PUBLICATION, DISTRIBUTION, ETC.
Place of publication, distribution, etc. New York,
Name of publisher, distributor, etc. American Heritage Pub. Co.; distribution by McGraw-Hill
Date of publication, distribution, etc. [1973]
300 ## - PHYSICAL DESCRIPTION
Extent 415 p.
Other physical details illus.
Dimensions 26 cm.
490 0# - SERIES STATEMENT
Series statement An American heritage biography
600 10 - SUBJECT ADDED ENTRY--PERSONAL NAME
Personal name Rogers, Will,
Dates associated with a name 1879-1935.
Holdings
Withdrawn status Lost status Damaged status Not for loan Home library Current library Shelving location Date acquired Total checkouts Full call number Barcode Date last seen Price effective from Koha item type
        Centerville Centerville General stacks 22/03/2026   791/.092/4 B BC0010426 22/03/2026 22/03/2026 Books